000 00993nam a22002777a 4500
005 20091027103526.0
008 091027t xxu||||| |||| 00| 0 eng d
010 _aENG-95212
020 _a9780070671294
_c250.00
020 _a007067129X
_c250.00
035 _aEN-78745
037 _bDBAD/PUB
040 _aDPL
082 _a621
100 _aNag, P.K.
245 _aMechanical sciences-I
_cby P.K.Nag, Sukumar Pati and T.K. Jana
246 _aWBUT Mechanical sciences-I:
_bfor ME 101- Mechanical sciences I
260 _aNew Delhi
_bTata Mcgraw Hill Eduction
_c2009
270 _a7, West Patel Nagar
_bNew Delhi
_e110008
300 _aVarious pagings
_c24cm.(Pbk)
500 _aApproved by West Bengal University of Technology (WBUT)
700 _aPati, Sukumar
700 _aJana, T.K..
942 _2ddc
_cEN
_mNAG
_h621
999 _c31053
_d31053